000 00476nam a22001817a 4500
003 CEME
005 20210628202507.0
008 210121b xxu||||| |||| 00| 0 eng d
020 _a81-7554-111-3
040 _cceme
082 _a658.4092 BIR
100 _aBirch , Paul
_960144
245 _aLeadership ,just in time practical tips setting goals motivating
260 _aNEW DELHI
_bKOGAN PAGE
_c2005
300 _aV,105P
650 _aLEADERSHIP
_9300
942 _cBK
_2ddc
999 _c569950
_d569950